| 000 | 00605nam a22001697a 4500 | ||
|---|---|---|---|
| 003 | OSt | ||
| 005 | 20250822080116.0 | ||
| 008 | 250822b |||||||| |||| 00| 0 eng d | ||
| 040 | _cOC | ||
| 082 | _aFil. 371.102 N433i 2009 | ||
| 100 | _aNEM SINGH , ROSARIO P. | ||
| 245 |
_a Innovative teaching and evaluation _cNEM SINGH , ROSARIO P. |
||
| 260 |
_aMandaluyong City, Philippines : _bNational Book Store, _cc2009. |
||
| 300 |
_aix, 200 pages : _billustrations ; _c23 cm. |
||
| 650 | _2Teaching (Innovations). 2. Teaching--Strategies. I. Padilla, Corazon P. II. Title. | ||
| 942 |
_2ddc _cBK - FIL _kFil. _n0 |
||
| 999 |
_c4208 _d4208 |
||